[Event "47th GER-ch Blitz 2020"]
[Site "Magdeburg"]
[Date "2020.08.15"]
[Round "17.11"]
[White "Siebarth, Raiko"]
[Black "Bluebaum, Matthias"]
[Result "1-0"]
[WhiteElo "2333"]
[BlackElo "2647"]
[Annotator "TA"]
[PlyCount "71"]
[EventDate "2020.07.28"]
[EventType "tourn"]
[EventCountry "GER"]
[SourceTitle "playchess.com"]
[Source "ChessBase"]
[SourceQuality "1"]

{[%evp 9,71,0,40,41,22,34,23,12,0,3,11,0,4,0,0,0,0,-25,-33,-32,-30,-42,-50,-57,-52,-55,-55,-43,-43,-33,-5,-43,-4,-14,-8,-27,0,0,100,14,29,-33,0,-216,-216,-201,-213,-197,-195,-197,-204,-302,-305,-297,-169,-281,-292,-494,12837,12835,29983,29984,29984,29985]} 1. c4 e6 2. Nc3 d5 3. d4 Bb4 4. Bf4 dxc4 5. e3 {[#]} c5 $146 (5... b5 $5) ({Predecessor:} 5... Nf6 6. Bxc4 Nd5 7. Bxd5 exd5 8. Qa4+ Nc6 9. Nge2 a6 10. O-O Be6 11. Rac1 O-O {0-1 (58) Kulkarni,V (2345)-Rahman,Z (2468) Mumbai 2019}) 6. Bxc4 {D31: Queen's Gambit Declined: Semi-Slav without ...Nf6 (+ Marshall Gambit and Noteboom) and Exchange Variation lines without ...Nf6.} cxd4 7. exd4 Nf6 8. Nge2 {White has an edge.} O-O 9. O-O Nc6 10. a3 Bxc3 11. bxc3 b6 12. Ng3 Bb7 13. Bg5 h6 14. Bxf6 Qxf6 15. Bd3 Na5 16. Qg4 Qg5 17. Qe2 Rac8 18. f4 Qh4 19. Rac1 Rfe8 20. Ne4 Bxe4 21. Qxe4 {Hoping for Qh7+.} g6 22. Rf3 Qe7 23. Rg3 Rc7 (23... Nb7 $11 {keeps the balance.}) 24. Qe5 (24. Re1 $1 $16) 24... Nc4 25. Qe2 (25. Qh5 $11 Qxa3 26. Rc2) 25... Qxa3 $15 26. Rf1 $2 (26. Rc2 $1 $11 {and White stays safe.} Nd6 27. Qe5) 26... Qxc3 $19 27. f5 Qxd4+ 28. Kh1 {[#]} Ne5 $1 (28... g5 29. f6 $16 (29. Rg4 Qe3 $11)) 29. fxg6 f5 ({Inferior is} 29... Nxg6 30. Bxg6 fxg6 31. Rxg6+ Rg7 32. Rxh6 $11 (32. Rxe6 Rxe6 33. Qxe6+ {[%mdl 64] Double Attack} Kh7 $11)) 30. Bb1 (30. Re3 $142 Rc3 31. Rxe5 Qxd3 32. Qe1) 30... Rec8 31. Ba2 Rc2 {[#]} (31... Kg7 $142 {...Rc1 is the strong threat.} 32. Bxe6 {[%mdl 64] Double Attack} Rc2) 32. Bxe6+ (32. Qe3 $142 $1 {[%mdl 512]} Qxe3 33. Bxe6+ Kg7 34. Rxe3) 32... Kg7 33. Qe1 $2 (33. Qh5 Qf4 34. Qxf5 (34. Rxf4 $2 {gets mated.} Rc1+ 35. Qd1 Rxd1+ 36. Rf1 Rxf1#) 34... Qxf5 35. Bxf5) 33... Nd3 $4 {[%mdl 8192]} (33... Rc1 $19 34. Bxc8 Rxe1 35. Rxe1 f4) 34. Rxd3 $1 $18 {[%mdl 64] Remove Defender, Deflection} Qxd3 35. Qe5+ {[%mdl 64] Double Attack} Kxg6 36. Bxf5+ {Never resign too early! Accuracy: White = 55%, Black = 67%.} 1-0

[Event "47th GER-ch Blitz 2020"]
[Site "Magdeburg"]
[Date "2020.08.15"]
[Round "17.12"]
[White "Hess, Max"]
[Black "Braeuning, Rudolf Wilhelm"]
[Result "1-0"]
[WhiteElo "2378"]
[BlackElo "2244"]
[Annotator "TA"]
[PlyCount "91"]
[EventDate "2020.07.28"]
[EventType "tourn"]
[EventCountry "GER"]
[SourceTitle "playchess.com"]
[Source "ChessBase"]
[SourceQuality "1"]

{[%evp 14,91,14,8,83,85,80,-25,-27,-4,32,29,41,50,43,58,71,29,260,0,-23,-64,-48,-23,-2,-53,-35,-55,-32,-38,-25,-47,-27,-21,-13,-109,-29,-46,-46,-30,-34,-44,-49,-43,-33,-38,-4,-26,-5,-61,-15,-44,-42,-29,-35,-71,-71,-91,-42,-45,-43,-56,-45,-75,-80,-275,-153,-265,-203,-179,-175,-189,-191,-188,-189,-197,-196,-164,-171,-335]} 1. e4 c5 2. Nf3 g6 3. d4 cxd4 4. Qxd4 Nf6 5. e5 Nc6 6. Qa4 Nd5 7. Qe4 Ndb4 8. Bb5 Qa5 {B27: Sicilian: 2 Nf3, unusual Black 2nd moves.} (8... Bg7 $11 {keeps the balance.}) 9. Nc3 $16 d5 10. Qe2 (10. exd6 $1 $16 Bf5 11. Qe5) 10... Bg4 $11 {Strongly threatening ...d4!Black has an edge.} 11. O-O Bxf3 (11... a6 $5 {[%cal Ra6b5]} 12. Ba4 b5 $11) 12. Qxf3 {[#] Black must now prevent Ba4.} e6 $146 ({Predecessor:} 12... d4 13. Nd5 O-O-O 14. Nxb4 Nxb4 15. Qe2 Rd5 16. Qc4+ Kb8 17. Be8 Qc5 18. Qxc5 Rxc5 {1-0 (41) Krieger,H-Freise,F Menden 1974}) 13. Ba4 Na6 14. Qf6 Rg8 15. Bg5 {b4 is the strong threat.} Nc5 $2 (15... h6 $11 {and Black is okay.} 16. Bd2 Bg7) 16. Bxc6+ $2 (16. b4 $1 $18 Qxa4 17. Nxa4 Nxa4 18. Bd2) 16... bxc6 17. Ne2 Qc7 18. Qf4 Bg7 19. Bf6 (19. Qe3 $11 Ne4 20. Bf4) 19... Bxf6 $15 20. Qxf6 Nd7 21. Qh4 Qxe5 22. Rfe1 g5 23. Qa4 Qc7 24. Nd4 {[#]} (24. c4 $11) 24... Nb6 ({Better is} 24... c5 $1 $17 {[%cal Rc5d4]} 25. Nb5 Qc6) 25. Qxc6+ $11 Qxc6 26. Nxc6 Kd7 27. Ne5+ Ke7 28. Rad1 Rgc8 29. c3 Rc5 30. Nd3 Rc7 31. Nb4 (31. f4 $11) 31... Rd7 32. Re5 f6 33. Re2 Kf7 34. g4 {[#]} h5 $1 {[%mdl 512]} 35. h3 (35. gxh5 Rh8) 35... hxg4 36. hxg4 Rh8 37. Kg2 Rh4 38. Kg3 {next f4 is good for White.} Rd8 {And now ...Rdh8 would win.} 39. Re3 $2 {[#]} (39. f3 $17) 39... Rdh8 (39... Nc4 $1 $19 {[%cal Rc4e3]} 40. Ree1 Rdh8) 40. Kf3 (40. b3 $17) 40... Rh3+ 41. Ke2 {Black is clearly better.} Rxe3+ 42. Kxe3 Nc4+ {[%mdl 64] Double Attack} 43. Kf3 Nxb2 44. Rb1 Nc4 {aiming for ...Nd2+.} 45. Ke2 Nd6 46. f3 $2 {[%mdl 32768] Accuracy: White = 48%, Black = 66%. . Loss on time!?} (46. Rb3 {was called for.}) 1-0

[Event "47th GER-ch Blitz 2020"]
[Site "Magdeburg"]
[Date "2020.08.15"]
[Round "17.13"]
[White "Kopylov, Michael"]
[Black "Muranyi, Karl-Jasmin"]
[Result "1-0"]
[WhiteElo "2407"]
[BlackElo "2331"]
[Annotator "TA"]
[PlyCount "83"]
[EventDate "2020.07.28"]
[EventType "tourn"]
[EventCountry "GER"]
[SourceTitle "playchess.com"]
[Source "ChessBase"]
[SourceQuality "1"]

{[%evp 16,83,49,39,45,35,45,20,36,35,83,81,125,114,118,112,115,111,105,97,196,182,179,184,184,185,227,220,204,177,185,180,183,181,187,171,167,168,168,176,173,172,202,208,150,201,210,205,325,304,392,413,419,419,428,428,428,428,428,315,428,428,584,581,585,450,1605,1605,1605,1605]} 1. d4 Nf6 2. c4 e6 3. g3 Bb4+ 4. Nd2 Ne4 5. Bg2 Nxd2 6. Bxd2 Qe7 7. Nf3 O-O 8. O-O Bxd2 9. Qxd2 d6 {E11: Bogo-Indian.} 10. Rac1 Nd7 11. Rfd1 {[#]} h6 $146 {The position is equal.} ({Predecessor:} 11... e5 12. d5 a5 13. b3 b6 14. Ne1 f5 15. Nd3 Nf6 16. e3 Qf7 17. a3 Qh5 {½-½ (67) Zinser,S-Mazzoni,G Bordeaux 1964}) 12. c5 d5 13. c6 Nb6 14. Ne5 $36 {[%mdl 2048] White is really pushing.} bxc6 15. Rxc6 Bb7 16. Rc5 Rfc8 17. b3 a5 (17... Nd7 $16) 18. Rxa5 $18 Rxa5 19. Qxa5 Ra8 20. Qd2 c5 21. dxc5 Qxc5 22. Rc1 Qd6 23. Qf4 f6 24. Ng6 Qxf4 25. Nxf4 {aiming for a4.} Rxa2 26. Nxe6 Rxe2 {[#]} 27. Nxg7 $1 {[%mdl 576] Decoy} Kxg7 28. Rc7+ {[%mdl 64] Double Attack} Kg6 {...Re1+ is the strong threat.} 29. Rxb7 {[%mdl 4096] Endgame KRB-KRN} Re1+ 30. Bf1 Nc8 31. Kg2 Nd6 (31... Kf5 {is a better defense.} 32. Rh7 Rd1 33. Rxh6 Nd6 34. g4+ Ke5 35. f4+ Kxf4) 32. Rd7 Ne4 {Now ...Rd1 and Black clings on.} 33. Bd3 f5 34. Rxd5 Kf6 35. Bxe4 fxe4 {KR-KR} 36. Rh5 Kg6 37. Rc5 e3 {Black hopes to continue with ...Re2.} 38. Rc6+ {White is clearly winning.} Kg5 39. h4+ Kf5 40. fxe3 Rxe3 (40... Kg4 $142 41. Kf2 Ra1 42. Rc4+ Kh5) 41. Rxh6 Rxb3 42. Ra6 {White took control after the opening. Accuracy: White = 87%, Black = 48%.} 1-0

[Event "47th GER-ch Blitz 2020"]
[Site "Magdeburg"]
[Date "2020.08.15"]
[Round "17.14"]
[White "Berger, Steve"]
[Black "Krause, Benedict"]
[Result "1-0"]
[WhiteElo "2408"]
[BlackElo "2425"]
[Annotator "TA"]
[PlyCount "77"]
[EventDate "2020.07.28"]
[EventType "tourn"]
[EventCountry "GER"]
[SourceTitle "playchess.com"]
[Source "ChessBase"]
[SourceQuality "1"]

{[%evp 21,77,22,22,-3,17,15,29,0,34,30,68,44,64,60,62,60,135,140,126,70,89,79,76,78,81,77,89,93,87,61,122,53,53,53,53,53,43,48,48,48,71,70,118,117,120,119,667,659,633,627,657,637,706,703,668,635,617,591]} 1. e4 c5 2. Nc3 Nc6 3. Nge2 e6 4. g3 d5 5. exd5 exd5 6. d4 Nf6 7. Bg2 cxd4 8. Nxd4 Bg4 9. f3 Bd7 10. Be3 Be7 11. O-O O-O 12. Re1 {B24: Closed Sicilian: 3 g3 sidelines.} Re8 {...Bc5 is the strong threat.} 13. Bf2 a6 {[#]} 14. Qd2 $146 {White has an edge.} ({Predecessor:} 14. h3 Qc7 15. f4 Bb4 16. Rxe8+ Rxe8 17. Nxd5 Nxd5 18. Bxd5 Bxh3 19. c3 Bf8 20. Nxc6 bxc6 {0-1 (37) Kosak,R (2256)-Klaus,A Germany 2001}) 14... Bb4 15. a3 Ba5 16. Rxe8+ Qxe8 17. Nb3 Bxc3 18. Qxc3 Rd8 (18... Qc8 $14) 19. Re1 $16 Be6 20. Nd4 ({Better is} 20. Nc5 $16) 20... Qd7 21. Nxc6 Qxc6 22. Qxc6 bxc6 23. Bd4 Nd7 24. b4 Rc8 25. f4 h6 {[#]} (25... Kf8 $14) 26. Bf1 (26. Re3 $1 $16) 26... c5 $14 27. Bxa6 Ra8 28. Bb7 Rb8 29. bxc5 Rxb7 30. c6 {[%mdl 64] [#] Double Attack} Rc7 31. cxd7 Rxd7 $16 {[%mdl 4096] Endgame KRB-KRB} 32. a4 {[%cal Ba3a4,Ba4a5,Ba5a6,Ba6a7][%mdl 32] Black must now prevent f5!} Rc7 33. c3 Rb7 $2 {[%mdl 8192] Black cannot hold the game after this.} (33... Rc6 $16 34. a5 f6) 34. a5 $18 {White is clearly winning.} Rb2 {Black hopes to continue with ...Ra2.} 35. Ra1 Bh3 36. a6 Rb8 37. a7 Ra8 38. Rb1 {Threatens to win with Rb8+.} Kh7 39. Rb8 {Accuracy: White = 76%, Black = 51%.} 1-0

[Event "47th GER-ch Blitz 2020"]
[Site "Magdeburg"]
[Date "2020.08.15"]
[Round "17.15"]
[White "Schoewel, Matthias"]
[Black "Stein, Robert"]
[Result "1-0"]
[WhiteElo "2218"]
[BlackElo "2325"]
[Annotator "TA"]
[PlyCount "83"]
[EventDate "2020.07.28"]
[EventType "tourn"]
[EventCountry "GER"]
[SourceTitle "playchess.com"]
[Source "ChessBase"]
[SourceQuality "1"]

{[%evp 15,83,0,0,0,0,-23,12,11,15,9,159,146,155,141,160,165,287,296,380,388,382,387,369,358,479,316,319,318,297,300,431,418,398,318,468,467,468,460,511,519,552,555,571,566,527,537,644,633,1347,1338,1227,1260,1362,1288,29975,4133,29963,29967,29969,29971,29970,4137,29972,29971,29969,29972,29968,29957,29978,29979]} 1. e4 e5 2. Nf3 Nc6 3. Bc4 Bc5 4. O-O d6 5. c3 Nf6 6. d4 Bb6 7. dxe5 Nxe5 8. Nxe5 dxe5 9. Qxd8+ {C50: Hungarian Defence and Giuoco Pianissimo.} Kxd8 10. Bxf7 Ke7 {[#]} (10... Rf8 $5 {[%cal Rf8f7]} 11. Bc4 Nxe4 $11) 11. Bb3 $146 {The position is equal.} ({Predecessor:} 11. Bd5 c6 12. Bc4 Be6 13. Bd3 Rad8 14. Bc2 Rd7 15. Bg5 Rg8 16. Rd1 Rxd1+ 17. Bxd1 {½-½ (42) Pilch,D-Janos,M Havirov 2008}) 11... Nxe4 12. Nd2 Nxf2 (12... Nxd2 $1 $11 13. Bxd2 Kf6) 13. Rxf2 $16 Rf8 14. Nf3 {Black must now prevent Bg5+.} Bxf2+ 15. Kxf2 e4 (15... Be6 $142) 16. Bg5+ $18 Kd6 17. Rd1+ Kc6 18. Bd5+ {[%mdl 64] [#] Double Attack} Kb6 19. Be3+ Ka6 20. Bxe4 Bf5 21. Bxf5 Rxf5 22. Rd7 {[%mdl 64] [#] Double Attack} c6 (22... Raf8 $142 23. Rxc7 R5f7) 23. Rxg7 h5 24. Rg5 Raf8 (24... Rb5 $142 25. Rxb5 Kxb5) 25. Rxf5 Rxf5 26. h3 Ra5 27. a3 Kb5 28. g4 hxg4 29. hxg4 Kc4 30. g5 {And now g6 would win.} Rd5 31. g6 {Threatens to win with Bg5.} Kb3 32. g7 Rd8 33. Bxa7 Kxb2 34. Bd4 Kxa3 35. Ng5 (35. Bc5+ $142 Ka4 36. Bf8 Rd5 37. g8=Q Kb5 38. Bg7 Rf5 39. Bd4 Rxf3+ 40. Kxf3) 35... Kb3 36. Ne6 Rg8 37. Nc5+ Kc4 38. Nxb7 Kd5 39. Ke3 {White mates.} Ke6 40. Kd3 Kd5 41. Nc5 Ra8 42. Nd7 {Black did not feel at home in the position after the opening. Accuracy: White = 82%, Black = 24%.} 1-0

[Event "47th GER-ch Blitz 2020"]
[Site "Magdeburg"]
[Date "2020.08.15"]
[Round "18.1"]
[White "Donchenko, Alexander"]
[Black "Stein, Robert"]
[Result "1-0"]
[WhiteElo "2646"]
[BlackElo "2325"]
[Annotator "TA"]
[PlyCount "71"]
[EventDate "2020.07.28"]
[EventType "tourn"]
[EventCountry "GER"]
[SourceTitle "playchess.com"]
[Source "ChessBase"]
[SourceQuality "1"]

{[%evp 11,70,21,25,14,38,29,42,10,16,18,38,35,36,34,45,0,0,1,0,0,5,5,1,-20,-16,-22,-8,-104,-108,-146,-149,-142,-140,-136,-126,-277,-218,-187,-54,-60,-61,-61,-15,-37,-47,-72,-7,-6,0,-4,17,17,17,0,0,0,0,0,0,0,29999]} 1. Nf3 Nf6 2. g3 g6 3. Bg2 Bg7 4. O-O O-O 5. d4 c6 6. b3 d5 7. Bb2 {D02: 1 d4 d5 2 Nf3 sidelines, including 2...Nf6 3 g3 and 2...Nf6 3 Bf4.} Bg4 8. Nbd2 a5 9. h3 {White is slightly better.} Bf5 10. a4 {[#]} Ne4 $146 ({Predecessor:} 10... Na6 11. g4 Be4 12. e3 e6 13. g5 Bxf3 14. Qxf3 Nd7 15. Qg3 f6 16. f4 Qb6 17. h4 Nb4 18. c3 Nd3 {1-0 (73) Ragolta Franco,E (2213)-Martinez Avila,Y (2143) Nueva Gerona 2009}) 11. Ne5 Nxd2 12. Qxd2 Nd7 13. Nd3 (13. g4 $5 {[%cal Rg4f5]} Nxe5 14. dxe5 $14) 13... Bxd3 14. Qxd3 e5 15. e3 Re8 16. c4 exd4 17. exd4 dxc4 18. bxc4 Nc5 19. Qa3 (19. Qd1 $11) 19... Bxd4 $17 20. Rfd1 Bxb2 21. Qxb2 Qe7 22. h4 Rad8 23. h5 $2 (23. Qc3 $17 {is a better defense.}) 23... Rxd1+ ({Don't play} 23... gxh5 24. Re1 $17) 24. Rxd1 Nxa4 ({Black should try} 24... Qe5 $19 25. Qxe5 Rxe5) 25. Qa1 $1 $15 {[#] Black must now prevent h6.} Nc5 {And now ...a4 would win.} 26. h6 {[%csl Gh6][%cal Ra1g7]} Ne6 27. Qxa5 Qf8 28. Qb6 Qxh6 ({Black should play} 28... Re7 $17 29. Qa7 b5) 29. Qxb7 $11 c5 30. Bd5 Qg7 31. Bxe6 fxe6 32. Rd7 Qa1+ 33. Kg2 Rf8 34. Rxh7 Qd4 35. f4 Rd8 $2 {[%mdl 8192] [#]} (35... Rxf4 $11 36. gxf4 Qd2+ 37. Kg3 Qd3+ 38. Kh2 Qd2+ 39. Kh3 Qd3+ 40. Kh4 g5+ {[%mdl 64] Decoy} 41. Kxg5 (41. fxg5 Qxc4+ 42. Kh5 Qe2+ 43. Kh6 Qh2+ 44. Kg6 Qc2+ 45. Kh6 Qh2+ 46. Kg6 Qc2+ 47. Kh6 Qh2+ $11) 41... Qf5+ 42. Kh6 Qxf4+ 43. Kh5 Qf5+ 44. Kh6 Qh3+ 45. Kg6 Qf5+ 46. Kh6 Qh3+ 47. Kg6 Qf5+ 48. Kh6) 36. Qf7# {Quite a comeback for White. Accuracy: White = 71%, Black = 73%.} 1-0

[Event "47th GER-ch Blitz 2020"]
[Site "Magdeburg"]
[Date "2020.08.15"]
[Round "18.2"]
[White "Krause, Benedict"]
[Black "Schoewel, Matthias"]
[Result "1-0"]
[WhiteElo "2425"]
[BlackElo "2218"]
[Annotator "TA"]
[PlyCount "80"]
[EventDate "2020.07.28"]
[EventType "tourn"]
[EventCountry "GER"]
[SourceTitle "playchess.com"]
[Source "ChessBase"]
[SourceQuality "1"]

{[%evp 11,80,24,22,2,16,22,12,0,15,15,16,18,24,0,21,18,23,18,22,0,0,-13,0,0,30,0,0,0,0,0,0,0,69,-79,-81,-112,-108,-137,-144,-147,31,46,42,42,26,33,96,104,229,227,192,173,254,189,185,191,171,62,64,61,86,-141,0,0,0,0,0,0,0,0,0]} 1. e4 e5 2. Nf3 Nc6 3. Bc4 Be7 4. d4 d6 5. h3 Nf6 6. Nc3 O-O 7. dxe5 {C50: Hungarian Defence and Giuoco Pianissimo.} Nxe5 8. Nxe5 dxe5 9. Qe2 c6 10. a4 h6 11. O-O Bc5 {[#]} 12. Be3 $146 ({Predecessor:} 12. Rd1 Qe7 13. a5 Be6 14. Bxe6 Qxe6 15. Na4 Be7 16. Bd2 {½-½ (16) Pioch,T (2110)-Meaubert,T (1758) Wiesbaden 2018}) 12... Qe7 13. a5 Bxe3 14. Qxe3 Be6 15. Be2 Rfd8 16. Rfd1 a6 17. Na4 Qb4 18. Nc5 Rxd1+ 19. Rxd1 Qxb2 20. Nxe6 fxe6 21. Bc4 Re8 (21... Qxc2 $11 22. Bxe6+ Kh8) 22. Qb3 (22. Bb3 $14) 22... Qxb3 $17 23. cxb3 Nxe4 {[%mdl 4096] Endgame KRB-KRN} 24. Rd7 Nc5 25. Rc7 Kf8 $2 ({Black should play} 25... Rd8 $17 26. Kh2 Rd4) 26. b4 $14 Ne4 27. Bd3 $1 {[%cal Rd3e4]} Nd6 {And now ...Re7 would win.} 28. Rd7 Nf5 ({Black should try} 28... Nb5 $14) 29. Rxb7 $16 Rd8 (29... Ra8 $16) 30. Bxa6 $18 Rd1+ 31. Kh2 Rd2 (31... Ra1 $142 32. Rc7 Ke8) 32. Bc4 Nd6 33. Rb8+ Ke7 34. Bf1 (34. a6 $18 {Hoping for a7.} Nxc4 35. a7) 34... Rxf2 $14 35. a6 $1 {[%cal Ra6a7] Black must now prevent a7.} Ra2 {[#]} 36. Kg3 $2 (36. Rb7+ $1 $16 {[%mdl 512] stays on course.} Kf6 (36... Nxb7 37. axb7) 37. Rc7) 36... Nb5 ({Better is} 36... Nf5+ $17 37. Kh2 e4) 37. Rb7+ {The position is equal.} Kf6 38. Bxb5 cxb5 39. a7 Ra3+ 40. Kf2 Kf5 {[%mdl 32768] Blacks defense is rewarded with a draw. Accuracy: White = 65%, Black = 57%. . Sensor Board Error (Ke4/e5)?} 1-0

[Event "47th GER-ch Blitz 2020"]
[Site "Magdeburg"]
[Date "2020.08.15"]
[Round "18.3"]
[White "Muranyi, Karl-Jasmin"]
[Black "Berger, Steve"]
[Result "1-0"]
[WhiteElo "2331"]
[BlackElo "2408"]
[Annotator "TA"]
[PlyCount "87"]
[EventDate "2020.07.28"]
[EventType "tourn"]
[EventCountry "GER"]
[SourceTitle "playchess.com"]
[Source "ChessBase"]
[SourceQuality "1"]

{[%evp 17,87,-27,-14,-20,-26,-34,-13,-24,-25,-19,7,8,8,-6,0,0,0,0,0,0,0,-11,12,0,0,0,6,1,0,-28,12,0,16,19,29,0,116,128,154,105,103,104,125,130,126,132,201,138,164,166,294,113,113,113,115,114,122,95,189,189,189,189,178,89,167,167,167,174,181,183,282,243]} 1. d4 d5 2. Nf3 Nf6 3. Bf4 c5 4. c3 Qb6 5. Qb3 Nc6 6. e3 c4 7. Qc2 Bf5 8. Qc1 e6 9. Nbd2 Be7 10. Be2 {D02: 1 d4 d5 2 Nf3 sidelines, including 2...Nf6 3 g3 and 2...Nf6 3 Bf4.} O-O 11. O-O h6 12. b3 {The position is equal.} cxb3 13. axb3 Rac8 14. Qb2 Nh5 15. Bg3 Nxg3 16. hxg3 {[#]} a5 $146 ({Predecessor:} 16... Bf6 17. Rfc1 e5 18. dxe5 Nxe5 19. Nxe5 Bxe5 20. Nf3 Bf6 21. Nd4 Be6 22. b4 a6 {½-½ (120) Lapshun,Y (2442)-Tuhrim,R (2173) Philadelphia 2011}) 17. Rfc1 Bf6 18. Qa2 Ra8 19. Qa4 e5 20. Qb5 (20. Nxe5 {keeps more tension.} Nxe5 21. dxe5 Bxe5 22. Nf3 Bf6 23. Nd4) 20... Qxb5 21. Bxb5 e4 22. Ne1 Rfc8 23. c4 Nb4 24. cxd5 Nxd5 25. Rxc8+ Rxc8 26. Bc4 $36 {[%mdl 2048] White has good play.} ({Of course not} 26. Rxa5 Rc1 $15) (26. g4 $5 Bxg4 27. Nxe4 $11) 26... Nb6 (26... Nc3 $11 {keeps the balance.}) 27. Rxa5 $16 Bg6 28. Rb5 Bd8 29. Nc2 Ra8 30. Nb4 Ra1+ 31. Kh2 h5 (31... Rd1 $16) 32. Nd5 Nxd5 33. Bxd5 Ra2 {[#]} (33... Ra5 {was necessary.} 34. Rxa5 Bxa5) 34. Nxe4 $2 (34. Nc4 $1 $18) 34... Bxe4 35. Bxe4 Rxf2 36. Rxb7 $18 {[%mdl 4096] Endgame Rb8! is the strong threat. KRB-KRB} Kf8 37. b4 Re2 {[#]} (37... Bg5 $16) 38. Bd5 $1 {Black must now prevent b5.} Rxe3 39. Rxf7+ Ke8 40. Rb7 (40. Rxg7 $18 Bf6 41. Bc6+ Kf8 42. Rd7) 40... g5 (40... Bf6 $16) 41. Bf7+ Kf8 42. Bxh5 Rd3 43. Rd7 Be7 (43... Bb6 $142 44. d5 Rb3 45. Rf7+ Kg8) 44. b5 {Accuracy: White = 66%, Black = 54%.} 1-0

[Event "47th GER-ch Blitz 2020"]
[Site "Magdeburg"]
[Date "2020.08.15"]
[Round "18.4"]
[White "Braeuning, Rudolf Wilhelm"]
[Black "Kopylov, Michael"]
[Result "0-1"]
[WhiteElo "2244"]
[BlackElo "2407"]
[Annotator "TA"]
[PlyCount "128"]
[EventDate "2020.07.28"]
[EventType "tourn"]
[EventCountry "GER"]
[SourceTitle "playchess.com"]
[Source "ChessBase"]
[SourceQuality "1"]

{[%evp 13,128,-28,0,0,0,-37,-37,-49,85,75,75,75,77,76,85,69,68,69,73,79,86,80,85,88,85,80,75,94,236,234,229,228,189,0,278,52,33,47,56,22,21,21,14,11,24,20,22,20,22,-37,-39,-33,0,0,0,0,0,-70,-67,-148,-148,-148,343,150,155,-112,-112,-136,-138,-138,-138,-138,-138,-137,-136,-141,-129,-128,-80,-111,-110,-135,-135,-135,-84,-148,-84,-137,-128,-131,-125,-112,-20,-25,0,0,0,0,0,0,0,0,8,8,8,8,8,-714,-637,-1486,-1204,-29984,-29985,-29986,-29987,-29988,-29989]} 1. e4 Nf6 2. e5 Nd5 3. d4 d6 4. f4 Bf5 5. Nf3 e6 6. Bd3 Bxd3 7. Qxd3 c5 8. O-O {B03: Alekhine's Defence: Four Pawns Attack.} Nc6 {[#]} 9. c4 $146 ({Predecessor:} 9. dxc5 dxe5 10. fxe5 Bxc5+ 11. Kh1 Ne3 12. Qxd8+ Rxd8 13. Bxe3 Bxe3 14. Na3 Bc5 15. Nb5 Rd7 {0-1 (40) Mach,H (2270)-Kopylov,M (2421) Germany 2000}) 9... Ndb4 10. Qb3 {Black is slightly better.} cxd4 (10... d5 $15 {stays ahead.}) 11. a3 $16 Na6 12. Qxb7 {[%mdl 64] Double Attack} Qc8 13. Qxc8+ $1 Rxc8 14. b4 {[%cal Bb2b4,Bb4b5][%mdl 32]} dxe5 15. fxe5 Nab8 $1 16. Bb2 Nd7 17. Nbd2 $36 {[%mdl 2048] White is really pushing.} a5 18. b5 $1 {[%cal Rb5c6]} (18. Nxd4 $6 axb4 19. Nxc6 bxa3 $11) 18... Ncxe5 19. Nxe5 ({Of course not} 19. Nxd4 $6 Bc5 $15) 19... Nxe5 20. Bxd4 Nxc4 (20... Nd7 $16) 21. Rfc1 $18 Nd6 {With the idea ...Rxc1+.} 22. Rxc8+ Nxc8 23. Nc4 $2 (23. Rc1 $18 Nd6 24. b6) 23... a4 $2 {[%mdl 8192]} (23... Nd6 $11 24. Nxd6+ Bxd6) 24. Nb2 $2 ({White should play} 24. b6 $18 {aiming for b7.} Nxb6 25. Nxb6 (25. Bxb6 Be7 $18)) 24... Nd6 $14 25. b6 Kd7 26. Nxa4 {Black must now prevent Rc1.} Nb7 27. Rd1 Bd6 $1 28. Bxg7 Ra8 29. Nb2 Kc6 30. Nc4 Bxa3 31. Ra1 (31. Ne5+ $11 Kxb6 32. Nxf7) 31... Bc5+ $15 {[%mdl 64] Double Attack} 32. Kf1 Rd8 33. Ne5+ Kxb6 34. Rb1+ ({But not} 34. Nxf7 $2 Rd7 $19) 34... Kc7 35. Bh6 (35. Nxf7 $11 Rd5 36. Ke2) 35... Rd5 36. Bf4 (36. Nf3 $15) 36... Bd6 $17 37. Rc1+ Kb8 $2 {[%mdl 8192]} (37... Nc5 $17 {and life is bright.} 38. Nd3 Kd7 39. Nxc5+ Rxc5 40. Rxc5 Bxc5) 38. Nc6+ (38. Nd7+ $18 {is the precise move to win.} Ka7 39. Ra1+ Na5 40. Bxd6) 38... Kc7 $16 39. Ne7+ $2 (39. Nb4+ $1 $16 {is forced if you want to stay better.} Rc5 40. Na6+ {[%mdl 64] Double Attack, Pin} Kc6 41. Nxc5 Nxc5 42. Bxd6 Kxd6 43. Rc4) 39... Rc5 $17 40. Rxc5+ Nxc5 41. Bxd6+ Kxd6 {[%mdl 4096] Endgame KN-KN} 42. Ng8 Ke5 43. Ke2 Ne4 44. Nh6 Nd6 45. Kf3 f6 46. Ng8 f5 47. Ne7 Kf6 48. Nc6 e5 (48... Nc4 $142 {And now ...Ne5+ would win.} 49. Ke2 Nb6) 49. Nb4 (49. g4 $142) 49... Nc4 (49... Kg5 $142 50. g3 e4+ 51. Ke3 Nc4+ 52. Kf2 f4 53. gxf4+ Kxf4 54. Nd5+ Ke5) 50. Nd5+ (50. g4 $142) 50... Kg5 51. g3 e4+ 52. Kf2 {[#]} Ne5 ({Better is} 52... Kg6 $1 $17 53. h3 Kf7) 53. h3 $1 $11 h5 54. h4+ Kg6 55. Nf4+ Kh6 56. Ke3 Ng6 {Hoping for ...Nxf4.} 57. Ne6 Kh7 58. Nd4 Ne7 {next ...Nd5+ is good for Black.} 59. Kf4 Kg6 {Threatens to win with ...Kf6.} 60. Ke3 $2 {[%mdl 8192] [#]} (60. Ke5 $11) 60... Kf6 $1 $19 {[%cal Rf6e5]} 61. Ne2 Ke5 62. Nf4 Nd5+ {Black mates.} 63. Nxd5 Kxd5 64. Kf4 Kd4 {What a fight! Accuracy: White = 54%, Black = 65%.} 0-1